[Event "HUN-chT2 Maroczy 0910"]
[Site "Hungary"]
[Date "2010.04.11"]
[Round "9"]
[White "Csizmadia, Laszlo"]
[Black "Fusthy, Zsolt"]
[Result "0-1"]
[WhiteElo "2398"]
[BlackElo "2321"]
[PlyCount "142"]
[EventDate "2009.11.08"]
[EventType "team-tourn"]
[EventRounds "11"]
[EventCountry "HUN"]
[SourceTitle "EXT 2011"]
[Source "ChessBase"]
[SourceDate "2010.11.26"]
[SourceVersion "1"]
[SourceVersionDate "2010.11.26"]
[SourceQuality "1"]
[WhiteTeam "Maroczy"]
[BlackTeam "MLTC II"]
[WhiteTeamCountry "HUN"]
[BlackTeamCountry "HUN"]

1. d4 Nf6 2. c4 e6 3. Nc3 Bb4 4. f3 0-0 5. e4 d5 6. e5 Nfd7 7. cxd5 exd5 8. a3 Bxc3+ 9. bxc3 f6 10. exf6 Qxf6 11. Bd3 Qh4+ 12. g3 Qh5 13. Be3 Nb6 14. Ra2 Nc6 15. g4 Qh4+ 16. Bf2 Qe7+ 17. Kf1 Qf7 18. Kg2 Nc4 19. h4 h5 20. gxh5 Qxh5 21. Nh3 Bxh3+ 22. Rxh3 Rae8 23. Qc1 Nd8 24. Rg3 Rf6 25. f4 Qh6 26. Rg5 Ne6 27. f5 Nxg5 28. hxg5 Qh5 29. Qf4 Rb6 30. f6 gxf6 31. gxf6 Kf7 32. Qxc7+ Kxf6 33. Bh4+ Qxh4 34. Rf2+ Qxf2+ 35. Kxf2 Rb2+ 36. Kg3 Re3+ 37. Kh4 Rxd3 38. Qf4+ Ke6 39. Qh6+ Kf5 40. Qh5+ Kf4 41. Qg5+ Ke4 42. Qg6+ Ke3 43. Qg5+ Ke2 44. Qxd5 Rxc3 45. Qc5 b6 46. Qc7 Rd2 47. Qxa7 Rxd4+ 48. Kg5 Rxa3 49. Qe7+ Re3 50. Qb7 Re5+ 51. Kf6 Rd6+ 52. Kg7 Red5 53. Qa6 b5 54. Qa2+ Nd2 55. Qa3 Rd4 56. Kf7 b4 57. Qb2 b3 58. Ke7 Rd3 59. Kf7 R6d4 60. Kg6 Rc4 61. Qe5+ Kd1 62. Qb2 Rdc3 63. Kg7 Rc2 64. Qa1+ Rc1 65. Qb2 R4c3 66. Kg6 R3c2 67. Qd4 Rc6+ 68. Kg7 Rc7+ 69. Kg8 R1c3 70. Qg1+ Kc2 71. Qg6+ Rd3 0-1

[Event "HUN-chT 0809"]
[Site "Hungary"]
[Date "2009.04.18"]
[Round "11"]
[White "Fusthy, Zsolt"]
[Black "Antok, Daniel"]
[Result "1/2-1/2"]
[WhiteElo "2323"]
[BlackElo "2273"]
[PlyCount "29"]
[EventDate "2008.10.26"]
[EventType "team-tourn"]
[EventRounds "11"]
[EventCountry "HUN"]
[SourceTitle "EXT 2010"]
[Source "ChessBase"]
[SourceDate "2010.11.25"]
[SourceVersion "1"]
[SourceVersionDate "2010.11.25"]
[SourceQuality "1"]
[WhiteTeam "MLTC"]
[BlackTeam "BEAC"]
[WhiteTeamCountry "HUN"]
[BlackTeamCountry "HUN"]

1. e4 c5 2. Nf3 d6 3. d4 cxd4 4. Nxd4 Nf6 5. Nc3 a6 6. Be3 Nc6 7. f3 e5 8. Nb3 Be6 9. Qd2 d5 10. exd5 Nxd5 11. Nxd5 Qxd5 12. Qxd5 Bxd5 13. 0-0-0 0-0-0 14. Bd3 Kc7 15. Rhe1 1/2-1/2

[Event "HUN-chT 0809"]
[Site "Hungary"]
[Date "2009.03.08"]
[Round "9"]
[White "Fusthy, Zsolt"]
[Black "Antal, Sebestyen Jr"]
[Result "1-0"]
[WhiteElo "2323"]
[BlackElo "2224"]
[PlyCount "51"]
[EventDate "2008.10.26"]
[EventType "team-tourn"]
[EventRounds "11"]
[EventCountry "HUN"]
[SourceTitle "EXT 2010"]
[Source "ChessBase"]
[SourceDate "2010.11.25"]
[SourceVersion "1"]
[SourceVersionDate "2010.11.25"]
[SourceQuality "1"]
[WhiteTeam "MLTC"]
[BlackTeam "Penzugyor"]
[WhiteTeamCountry "HUN"]
[BlackTeamCountry "HUN"]

1. e4 c5 2. Nf3 d6 3. Bb5+ Nc6 4. 0-0 a6 5. Bxc6+ bxc6 6. c3 e6 7. d4 d5 8. e5 Qb6 9. dxc5 Bxc5 10. b4 Bf8 11. Be3 Qc7 12. Nbd2 a5 13. a3 a4 14. c4 Ne7 15. Rc1 Ng6 16. cxd5 exd5 17. Nd4 Qxe5 18. Re1 Be6 19. Rxc6 Be7 20. Nxe6 fxe6 21. Bc5 Qf5 22. Bxe7 Nxe7 23. Rcxe6 Ra7 24. Nf3 Kf7 25. R6e5 Qf4 26. Nd4 1-0

[Event "HUN-chT 0809"]
[Site "Hungary"]
[Date "2008.11.30"]
[Round "3"]
[White "Nemeth, Denes"]
[Black "Fusthy, Zsolt"]
[Result "1/2-1/2"]
[WhiteElo "2139"]
[BlackElo "2323"]
[PlyCount "83"]
[EventDate "2008.10.26"]
[EventType "team-tourn"]
[EventRounds "11"]
[EventCountry "HUN"]
[SourceTitle "EXT 2010"]
[Source "ChessBase"]
[SourceDate "2010.11.25"]
[SourceVersion "1"]
[SourceVersionDate "2010.11.25"]
[SourceQuality "1"]
[WhiteTeam "Haladas"]
[BlackTeam "MLTC"]
[WhiteTeamCountry "HUN"]
[BlackTeamCountry "HUN"]

1. d4 Nf6 2. c4 e6 3. g3 Bb4+ 4. Bd2 Qe7 5. Nf3 0-0 6. Bg2 Bxd2+ 7. Nbxd2 d6 8. 0-0 e5 9. e4 a5 10. Qc2 Bg4 11. h3 Bxf3 12. Nxf3 Nc6 13. Rfd1 Rfe8 14. b3 Nb4 15. Qe2 exd4 16. Nxd4 Qe5 17. Nb5 Rac8 18. Qd2 Kf8 19. a3 Na6 20. Re1 Nc5 21. Qc2 c6 22. f4 Qe7 23. Nc3 g6 24. e5 Nfd7 25. b4 axb4 26. axb4 dxe5 27. bxc5 Qxc5+ 28. Qf2 exf4 29. gxf4 Rxe1+ 30. Rxe1 Qxc4 31. Qe3 Qc5 32. Ne4 Qxe3+ 33. Rxe3 Rb8 34. Nd6 Nc5 35. Rc3 Rd8 36. Nc4 Rd4 37. Na5 b6 38. Nb3 Nxb3 39. Rxb3 Rxf4 40. Bxc6 h5 41. Rxb6 Kg7 42. Bd5 1/2-1/2